| 000 | 00757nam a22002297a 4500 | ||
|---|---|---|---|
| 001 | 48143 | ||
| 003 | BD-RjUL | ||
| 005 | 20211209054452.0 | ||
| 008 | 160813s1977 bg ||||| |||| 00| 0 ben d | ||
| 020 | _c: TK 6.00 | ||
| 035 | _a(BD-RjUL)48262 | ||
| 040 |
_aBD-RjUL _bben _cBD-RjUL |
||
| 041 | _aben | ||
| 082 |
_223 _a891.442 _bALS 1977 |
||
| 100 |
_aআলহেলাল, বশীর _9145873 |
||
| 245 | 1 | 0 |
_aস্বর্গের সিঁড়ি / _cবশীর আলহেলাল |
| 260 |
_aঢাকা : _bবাংলা একাডেমী, _c১৯৭৭ |
||
| 300 |
_a৮৫ পৃ. ; _c২১ সেমি. |
||
| 650 |
_aবাংলা নাটক _9145874 |
||
| 650 |
_aBengali Drama _9145875 |
||
| 942 |
_2ddc _cBK |
||
| 999 |
_c48143 _d48143 |
||